| 000 | 00385 a2200169 4500 | ||
|---|---|---|---|
| 001 | 44887 | ||
| 020 | _a8573193824 | ||
| 040 | _cAnchieta - Aquarius | ||
| 100 | _aJosé, Elias | ||
| 240 | 1 | 0 |
_aCantigas para entender o tempo _lpor |
| 245 | 1 | 0 | _aCantigas para entender o tempo |
| 300 | _a31 | ||
| 362 | 0 | _a2007 | |
| 440 | 1 | _aDimensão | |
| 650 | 4 | _aLiteratura infantil | |
| 942 | _cBK | ||
| 999 |
_c44887 _d44887 |
||